000 00690nam a2200241Ia 4500
003 OSt
005 20221005085357.0
006 a|||||r|||| 00| 0
007 ta
008 221004b |||||||| |||| 00| 0 rus d
024 _a18071
037 _bGift, 27/05/2015,
_cTextual
040 _aCRL
_cCRL
_brus
041 _2rus
_arus
082 _aO142,:gM, K2
100 _aMatlaw Ralph E Ed.
245 0 _aBelinsky
_b Chernyshevsky and dobrolyubov
260 _aNew York
_bE.P.Dutton & Co. USA
_c1962
300 _axx,226p.
_ccm.
650 _aRUSSIAN LITERATURE
942 _hO142,:gM, K2
_cTEXL
_2cc
999 _c994140
_d994140